Kimber-Gray-Stackpole's Anatomy and physiology / (Record no. 1341)

000 -LEADER
fixed length control field 01333cam a2200397 i 4500
003 - CONTROL NUMBER IDENTIFIER
control field OSt
005 - DATE AND TIME OF LATEST TRANSACTION
control field 20210625095845.0
008 - FIXED-LENGTH DATA ELEMENTS--GENERAL INFORMATION
fixed length control field 760802s1977 nyuaf b 001 0 eng
020 ## - INTERNATIONAL STANDARD BOOK NUMBER
International Standard Book Number 0023812206
040 ## - CATALOGING SOURCE
Transcribing agency DLC
050 00 - LIBRARY OF CONGRESS CALL NUMBER
Classification number QP34.5
Item number .K55 1977
060 ## - NATIONAL LIBRARY OF MEDICINE CALL NUMBER
Classification number QS4 K49t
100 1# - MAIN ENTRY--PERSONAL NAME
Personal name Kimber, Diana Clifford.
245 10 - TITLE STATEMENT
Title Kimber-Gray-Stackpole's Anatomy and physiology /
Statement of responsibility, etc. Marjorie A. Miller, Anna B. Drakontides, Lutie C. Leavell.
250 ## - EDITION STATEMENT
Edition statement 17th ed.
260 ## - PUBLICATION, DISTRIBUTION, ETC.
Place of publication, distribution, etc. New York :
Name of publisher, distributor, etc. Macmillan,
Date of publication, distribution, etc. c1977.
300 ## - PHYSICAL DESCRIPTION
Extent viii, 656 p., [2] leaves of plates :
Other physical details ill. ;
Dimensions 27 cm.
500 ## - GENERAL NOTE
General note First-13th ed. published under title: Textbook of anatomy and physiology.
504 ## - BIBLIOGRAPHY, ETC. NOTE
Bibliography, etc. note Includes bibliographies and index.
650 #0 - SUBJECT ADDED ENTRY--TOPICAL TERM
Topical term or geographic name entry element Human physiology.
650 #0 - SUBJECT ADDED ENTRY--TOPICAL TERM
Topical term or geographic name entry element Human anatomy.
650 #2 - SUBJECT ADDED ENTRY--TOPICAL TERM
Topical term or geographic name entry element Anatomy.
650 #2 - SUBJECT ADDED ENTRY--TOPICAL TERM
Topical term or geographic name entry element Physiology.
700 1# - ADDED ENTRY--PERSONAL NAME
Personal name Gray, Carolyn E.
Fuller form of name (Carolyn Elizabeth),
Dates associated with a name 1873-1938,
Relator term joint author.
700 1# - ADDED ENTRY--PERSONAL NAME
Personal name Stackpole, Caroline Emorette,
Relator term joint author.
700 1# - ADDED ENTRY--PERSONAL NAME
Personal name Miller, Marjorie A.
700 1# - ADDED ENTRY--PERSONAL NAME
Personal name Drakontides, Anna B.
700 1# - ADDED ENTRY--PERSONAL NAME
Personal name Leavell, Lutie Clemson.
906 ## - LOCAL DATA ELEMENT F, LDF (RLIN)
a 7
b cbc
c orignew
d 1
e ocip
f 19
g y-gencatlg
942 ## - ADDED ENTRY ELEMENTS (KOHA)
Source of classification or shelving scheme
Koha item type Book
Suppress in OPAC JE
Holdings
Withdrawn status Lost status Source of classification or shelving scheme Damaged status Not for loan Permanent Location Current Location Shelving location Date acquired Total Checkouts Full call number Barcode Date last seen Price effective from Koha item type Public note
          AU LIBRARY AU LIBRARY Open Shelf 25.06.2021   QP34.5 .K55 1977 28003724 25.06.2021 25.06.2021 Book JE

Powered by Koha